Marcatori del Napoli in UEFA Champions League 2019-2020 - Statistics

Statistiche generali
  • Questo quiz è stato fatto 22 volte
  • Il punteggio medio è 11 su 13
Statistiche sulle risposte
Partita Minuto Marcatore % Corretto
Salisburgo - Napoli 2-3 73' Lorenzo Insigne
100%
Barcellona - Napoli 3-1 50' Lorenzo Insigne
100%
Napoli - Liverpool 2-0 82' Dries Mertens
95%
Salisburgo - Napoli 2-3 17' Dries Mertens
95%
Salisburgo - Napoli 2-3 64' Dries Mertens
95%
Liverpool - Napoli 1-1 21' Dries Mertens
95%
Napoli - Genk 4-0 75' Dries Mertens
95%
Napoli - Barcellona 1-1 30' Dries Mertens
95%
Napoli - Genk 4-0 3' Arkadiusz Milik
81%
Napoli - Genk 4-0 26' Arkadiusz Milik
81%
Napoli - Genk 4-0 36' Arkadiusz Milik
81%
Napoli - Liverpool 2-0 92' Fernando Llorente
52%
Napoli - Salisburgo 1-1 44' Hirving Lozano
48%
Nessun quiz corrispondente trovato
Distribuzione punteggi
Percentuale di utenti per punteggio
Percentile per numero di risposta
I tuoi punteggi nel tempo
Non hai fatto questo quiz